LEADER 00988nab a2200169 i 4500 001 000000270872 003 CaOOAMICUS 005 20090421000000.0 008 090421n xx uu u0 0und r 013 $a17797 040 $aSeMil$bita 245 10$aComunità cristiana ed educazione :$bl'emergenza educativa, problema e provocazione : 59. Settimana nazionale di aggiornamento pastorale, Bari-Bitonto, 22-25 giugno 2009 [programma]. 500 $a[pieghevole allegato]. 700 1 $aSettimana Nazionale di Aggiornamento Pastorale <59. ; 2009 ; Bari-Bitonto>.$0(OLS)http://semarc/name/83965 710 2 $aCentro di Orientamento Pastorale$g.$0(OLS)http://semarc/name/2102 773 0 $t[2009 : Gennaio-Giugno].$dBologna : Centro Editoriale Dehoniano, 2009.$w()177050 996 $6245$aComunità cristiana ed educazione :$bl'emergenza educativa, problema e provocazione : 59. Settimana nazionale di aggiornamento pastorale, Bari-Bitonto, 22-25 giugno 2009 [programma].$9(OLS)http://semarc/title/359688 LEADER 00574naa a2200157 i 4500 001 000000295086 003 CaOOAMICUS 005 20180831172519.0 008 180831n xx u000 u und u 013 $a2384 040 $aSeMil$bita 100 1 $aGalimberti, Umberto,$d<1942- >.$0(OLS)http://semarc/name/7701 245 10$aStoria dell'anima. 650 4$aAnima.$0(OLS)http://semarc/subject/1117 773 0 $aCeruti, Mauro <1953- >$tUomo tra natura e progetto.$dMilano : Studio teologico Cappuccini, stampa 1995.$w()47053 996 $6245$aStoria dell'anima$9(OLS)http://semarc/title/371152